000 00888nam a2200229 a 4500
001 000028927
003 DO-SdBNP
005 20251204073702.0
008 110412s2008 dr r 000 0 spa d
040 _aDO-SdBNP
_bspa
_cBNPHU
082 4 _a347.7293
_bS941d, 2008
_222
100 1 _aSubero Isa, Jorge A.,
_d1947-
_976863
245 1 0 _aDía del poder Judicial :
_ba modo de resumen anual, 7 de enero de 2008 /
_cJorge A. Subero Isa.
260 _aSanto Domingo :
_bSuprema Corte de Justicia,
_c2008.
300 _a267 p. ;
_c22 cm.
590 _aInventariado, 2018/BT
650 4 _aPoder judicial
_zRepública Dominicana
_946172
_vEnsayos, conferencias, etc.
650 0 _aAdministración de justicia
_zRepública Dominicana
_910083
650 0 _aAdministración de justicia penal
_vEnsayos, conferencias, etc.
_988260
910 _aValidado. Control de calidad. EMS
942 _2ddc
_cLBS1
999 _c28419
_d28419